00334cam a22000977a 4500008004000000082001700040100002100057245012300078260002600201300000900227180718b1965 xxu||||| |||| 00| 0 eng d aP11x5 Un3 pr aPries, Edward A. aPrinciples of organization, administrationj and siper vision for primary teacher education in Asiacby Edward A. Pries aBangkokbUNESCOc1965 a47p.